Deutsche Städte - Gegenteilquiz - Statistiken

Allgemein
  • Dieses Quiz wurde 135 mal gespielt
  • Das Durchschnittsergebnis liegt bei 10 aus 16
Antwortstatistiken
Hint Antwort % Korrekt
Trinken Essen
99%
Deinz Mainz
96%
Frauauswärts Mannheim
91%
Hiernase Dortmund
89%
Schwitzen-Schwitzen Baden-Baden
88%
Gefangenruine Freiburg
83%
Bürgersleisern Kaiserslautern
80%
Magendorf Darmstadt
73%
Ohrsruine Augsburg
60%
Altess Neuss
56%
Preiseltal Heidelberg
42%
Diesa Jena
37%
Christenauswärts Heidenheim
35%
Waldsmütze Landshut
34%
Kneifautsch Zwickau
20%
Mauvaisn Bonn
16%
Keine übereinstimmenden Quizze gefunden
Verteilung der Resultate
Anzahl Personen mit jedem Resultat
Perzentil nach korrekt beantworteten Fragen
Ihre Resultats-Entwicklung
Sie haben dieses Quiz noch nicht gespielt